Liczby 1-10 po łacińsku - Statystyki

Ogólne statystyki
  • Ten quiz został rozwiązany 19 razy
  • Średni wynik to 7 z 10
Statystyki odpowiedzi
Polski Łaciński % Poprawnych
Trzy Tres
100%
Dwa Duo
73%
Sześć Sex
73%
Jeden Unus
73%
Dziewięć Novem
64%
Osiem Octo
64%
Siedem Septem
64%
Dziesięć Decem
55%
Cztery Quattuor
55%
Pięć Quinque
55%
Nie znaleziono quizów pasujących do podanych kryteriów
Rozkład punktacji
Procent ludzi z każdym wynikiem
Percentyl według liczby udzielonych odpowiedzi
Twoja historia wyników
Nie rozwiązałeś tego quizu